00313nam a2200133Ia 4500001000400000008004100004020002200045082002600067100001800093245001600111260002400127901001100151999001700162585241024s9999 xx 000 0 und d a977-2079-864-00-5 a[*SIN CLASIFICACION*] a[*SIN AUTOR*] 0aEl Judicial bEditora Corripio, 0 a1/2/12 c11751d11751